000 00420nam a2200181Ia 4500
008 210210b1933 xxu||||| |||| 00| 0 eng d
041 _aeng
082 _a822/17
100 _aADDISON (J)
245 _aCoverly papers: Deighton Ed
260 _aLondon
_bMacmillan & Co. Ltd.
_c1933
650 _apapers:
650 _aEd
650 _aDeighton
650 _aCoverly
690 _aEnglish Prose
906 _a012203
999 _c130978
_d130978